Statistics for ALL Texas Cities

Click here to take the quiz!

General Stats

  • This quiz has been taken 68 times
  • The average score is 108 of 1221

Answer Stats

HintCountyCity / Town% Correct
ATravisAustin
92%
DDallasDallas
92%
EEl PasoEl Paso
90%
HHarrisHouston
88%
SBexarSan Antonio
88%
FTarrantFort Worth
87%
GGalvestonGalveston
79%
WMcLennanWaco
79%
CNuecesCorpus Christi
77%
DClayDean
77%
BCameronBrownsville
75%
DDentonDenton
73%
LLubbockLubbock
71%
APotterAmarillo
69%
ATarrantArlington
65%
PCollinPlano
63%
MMidlandMidland
62%
OEctorOdessa
62%
TBowieTexarkana
62%
LWebbLaredo
60%
MHidalgoMcAllen
60%
CBrazosCollege Station
56%
FCollinFrisco
56%
TSmithTyler
56%
ATaylorAbilene
52%
BJeffersonBeaumont
50%
SHaysSan Marcos
50%
TGalvestonTexas City
50%
WWichitaWichita Falls
50%
ACollinAllen
48%
PLamarParis
48%
UUvaldeUvalde
48%
GDallasGarland
46%
GDallasGrand Prairie
46%
HHidalgoHidalgo
46%
STom GreenSan Angelo
46%
SFort BendSugar Land
46%
KBellKilleen
44%
NComalNew Braunfels
44%
VVictoriaVictoria
44%
HWalkerHuntsville
42%
IDallasIrving
42%
MDallasMesquite
42%
PCollinParker
42%
PBrazoriaPearland
42%
RWilliamsonRound Rock
42%
JMarionJefferson
40%
EConchoEden
38%
EHidalgoEdinburg
38%
FGillespieFredericksburg
38%
HRuskHenderson
38%
MCollinMcKinney
38%
WMcLennanWest
38%
BMontagueBowie
37%
CMilamCameron
37%
CDallasCarrollton
37%
BBrazoriaBrazoria
35%
JJasperJasper
35%
KHarrisKaty
35%
LDentonLewisville
35%
LLibertyLiberty
35%
OOrangeOrange
35%
PJeffersonPort Arthur
35%
RRockwallRockwall
35%
SGraysonSherman
35%
TWilliamsonTaylor
35%
AHidalgoAlamo
33%
KKaufmanKaufman
33%
LGalvestonLeague City
33%
NNacogdochesNacogdoches
33%
PHarrisPasadena
33%
EMaverickEagle Pass
31%
NNavarroNavarro
31%
RRefugioRefugio
31%
VVan ZandtVan
31%
BBastropBastrop
29%
GTarrantGrapevine
29%
HCameronHarlingen
29%
LGreggLongview
29%
PReevesPecos
29%
PTravisPflugerville
29%
RDallasRichardson
29%
RCherokeeRusk
29%
BHarrisBaytown
27%
BBrazosBryan
27%
BBurnetBurnet
27%
CBurlesonCaldwell
27%
CMontgomeryConroe
27%
GGonzalesGonzales
27%
JCherokeeJacksonville
27%
LBrazoriaLake Jackson
27%
LLampasasLampasas
27%
LLlanoLlano
27%
MFort BendMissouri City
27%
MMontgomeryMontgomery
27%
WWallerWaller
27%
WWhartonWharton
27%
ACollinAnna
25%
BHowardBig Spring
25%
DVal VerdeDel Rio
25%
GWilliamsonGeorgetown
25%
JBlancoJohnson City
25%
TBellTemple
25%
TTrinityTrinity
25%
WLynnWilson
25%
AHendersonAthens
23%
BJohnsonBurleson
23%
DNavarroDawson
23%
HHamiltonHamilton
23%
HDallasHutchins
23%
KKlebergKingsville
23%
MHarrisonMarshall
23%
MGrayMcLean
23%
AGrimesAnderson
21%
DWiseDecatur
21%
EEastlandEastland
21%
ETarrantEuless
21%
FDentonFlower Mound
21%
FPecosFort Stockton
21%
GGoliadGoliad
21%
GHuntGreenville
21%
KKerrKerrville
21%
KHaysKyle
21%
LAngelinaLufkin
21%
MMasonMason
21%
MHidalgoMission
21%
PNuecesPort Aransas
21%
PSan PatricioPortland
21%
SCameronSouth Padre Island
21%
TTravisThe Hills
21%
WCherokeeWells
21%
WCollinWylie
21%
ABrewsterAlpine
19%
BBeeBeeville
19%
BKendallBoerne
19%
BLeonBuffalo
19%
CComancheComanche
19%
CDallasCoppell
19%
CHoustonCrockett
19%
DDallasDeSoto
19%
DGalvestonDickinson
19%
DDallasDuncanville
19%
FFayetteFayetteville
19%
FBrazoriaFreeport
19%
KTarrantKeller
19%
LDallasLancaster
19%
MTarrantMansfield
19%
MMcLennanMart
19%
MTitusMount Pleasant
19%
SHidalgoSan Juan
19%
SSan PatricioSan Patricio
19%
SSan SabaSan Saba
19%
SGuadalupeSeguin
19%
TDentonThe Colony
19%
WEllisWaxahachie
19%
WHarrisWebster
19%
YLavacaYoakum
19%
ZAngelinaZavalla
19%
AAndrewsAndrews
17%
BBanderaBandera
17%
BMatagordaBay City
17%
BTarrantBedford
17%
BBlancoBlanco
17%
CWilliamsonCedar Park
17%
CTarrantColleyville
17%
CMitchellColorado City
17%
CColoradoColumbus
17%
CNavarroCorsicana
17%
DErathDublin
17%
EFanninEctor
17%
GCookeGainesville
17%
HHaysHays
17%
HWallerHempstead
17%
HHarrisHumble
17%
PAndersonPalestine
17%
PCalhounPort Lavaca
17%
PPresidioPresidio
17%
RWiseRhome
17%
RAransasRockport
17%
RDallasRowlett
17%
SSan AugustineSan Augustine
17%
WWheelerWheeler
17%
ADallasAddison
15%
ANuecesAransas Pass
15%
BBellBelton
15%
BWashingtonBrenham
15%
CRandallCanyon
15%
DDallamDalhart
15%
DHarrisDeer Park
15%
FRobertsonFranklin
15%
HTarrantHaltom City
15%
HHillHillsboro
15%
HAngelinaHuntington
15%
LWilliamsonLeander
15%
MMadisonMadisonville
15%
MBurnetMarble Falls
15%
MPresidioMarfa
15%
MMenardMenard
15%
MPalo PintoMineral Wells
15%
NNewtonNewton
15%
PHidalgoPharr
15%
PCollinPrinceton
15%
SGalvestonSanta Fe
15%
STarrantSouthlake
15%
WTarrantWhite Settlement
15%
AJohnsonAlvarado
13%
ABrazoriaAlvin
13%
AChambersAnahuac
13%
ACassAtlanta
13%
BAustinBellville
13%
BHaysBuda
13%
CDallasCedar Hill
13%
CJeffersonChina
13%
CRed RiverClarksville
13%
CJohnsonCleburne
13%
CDentonCorinth
13%
CZavalaCrystal City
13%
DLibertyDayton
13%
DDickensDickens
13%
DHaysDripping Springs
13%
EEllisEnnis
13%
FGalvestonFriendswood
13%
GHarrisGalena Park
13%
HLibertyHardin
13%
HHaskellHaskell
13%
HBexarHelotes
13%
HMedinaHondo
13%
JTravisJonestown
13%
LFayetteLa Grange
13%
LDentonLake Dallas
13%
LHarrisLa Porte
13%
LBexarLive Oak
13%
LPolkLivingston
13%
MGuadalupeMarion
13%
MEllisMidlothian
13%
NGrimesNavasota
13%
NTarrantNorth Richland Hills
13%
PFrioPearsall
13%
PAtascosaPoteet
13%
PCollinProsper
13%
RStarrRio Grande City
13%
SDallasSachse
13%
SCameronSan Benito
13%
SDuvalSan Diego
13%
SKaufmanScurry
13%
SBastropSmithville
13%
SHopkinsSulphur Springs
13%
SNolanSweetwater
13%
TKaufmanTerrell
13%
TThrockmortonThrockmorton
13%
WTarrantWatauga
13%
WParkerWeatherford
13%
WHidalgoWeslaco
13%
WWinklerWink
13%
WTylerWoodville
13%
AWoodAlba
12%
AJim WellsAlice
12%
ADentonAubrey
12%
AWiseAurora
12%
ATarrantAzle
12%
BHarrisBellaire
12%
BUpshurBig Sandy
12%
BWiseBoyd
12%
BMcCullochBrady
12%
BWiseBridgeport
12%
CVan ZandtCanton
12%
CPanolaCarthage
12%
CCollinCelina
12%
CShelbyCenter
12%
CChildressChildress
12%
CLibertyCleveland
12%
CCoryellCopperas Cove
12%
DMooreDumas
12%
FFreestoneFairfield
12%
GYoungGraham
12%
HTarrantHaslet
12%
HTarrantHurst
12%
KKarnesKenedy
12%
LBexarLeon Valley
12%
LLeeLexington
12%
LWilliamsonLiberty Hill
12%
LDentonLittle Elm
12%
LCaldwellLockhart
12%
LCollinLucas
12%
LCaldwellLuling
12%
MMontgomeryMagnolia
12%
MCollinMurphy
12%
MNavarroMustang
12%
NBowieNew Boston
12%
PHalePlainview
12%
PAtascosaPleasanton
12%
PWallerPrairie View
12%
RLamar | ParkerReno
12%
RNavarroRichland
12%
RFort BendRichmond
12%
RDentonRoanoke
12%
RStarrRoma
12%
RFort BendRosenberg
12%
SColemanSanta Anna
12%
SGainesSeminole
12%
SLavacaShiner
12%
SScurrySnyder
12%
SErathStephenville
12%
SDallasSunnyvale
12%
TTaylorTrent
12%
TFanninTrenton
12%
UDallasUniversity Park
12%
WTarrantWestlake
12%
ABrazoriaAngleton
10%
ADentonArgyle
10%
BTarrantBenbrook
10%
BBrownBrownwood
10%
BComalBulverde
10%
CHuntCampbell
10%
CMedinaCastroville
10%
CHendersonChandler
10%
CColemanColeman
10%
CHuntCommerce
10%
CTarrantCrowley
10%
CDeWittCuero
10%
DGraysonDenison
10%
DMedinaDevine
10%
FDallasFarmers Branch
10%
FEllisFerris
10%
FKaufmanForney
10%
GLeeGiddings
10%
HCastroHart
10%
HWoodHawkins
10%
HRockwallHeath
10%
HDallasHighland Park
10%
HDentonHighland Village
10%
HAngelinaHudson
10%
HWilliamsonHutto
10%
JWilliamsonJarrell
10%
JJohnsonJoshua
10%
JKimbleJunction
10%
JDentonJustin
10%
KGalvestonKemah
10%
KTarrantKennedale
10%
KGreggKilgore
10%
LTravisLago Vista
10%
MCollinMelissa
10%
MWardMonahans
10%
MFranklinMount Vernon
10%
NJeffersonNederland
10%
NGonzalesNixon
10%
PDentonPilot Point
10%
PCampPittsburg
10%
PCameronPort Isabel
10%
PGarzaPost
10%
QHardemanQuanah
10%
RTarrantRichland Hills
10%
RNuecesRobstown
10%
RFayetteRound Top
10%
STarrantSaginaw
10%
SGuadalupeSchertz
10%
SFayetteSchulenburg
10%
SDallasSeagoville
10%
SSan PatricioSinton
10%
SEl PasoSocorro
10%
SBurlesonSomerville
10%
THarrisTomball
10%
VGraysonVan Alstyne
10%
VWilbargerVernon
10%
WMontgomeryWillis
10%
WDallasWilmer
10%
WHaysWimberley
10%
YDeWittYorktown
10%
AHillAbbott
8%
ABexarAlamo Heights
8%
AShackelfordAlbany
8%
AParkerAledo
8%
BFanninBailey
8%
BRunnelsBallinger
8%
BTravisBee Cave
8%
BHutchinsonBorger
8%
BWallerBrookshire
8%
BTerryBrownfield
8%
CHuntCaddo Mills
8%
CHemphillCanadian
8%
CAtascosaCharlotte
8%
CBexarChina Grove
8%
CGuadalupeCibolo
8%
CBrazoriaClute
8%
CDallasCockrell Hill
8%
CGraysonCollinsville
8%
CBexarConverse
8%
CKaufmanCrandall
8%
DRed RiverDetroit
8%
EGreggEaston
8%
EWhartonEl Campo
8%
ETarrantEverman
8%
FCollinFairview
8%
FBrooksFalfurrias
8%
FCollinFarmersville
8%
FRockwallFate
8%
FWilsonFloresville
8%
FTarrantForest Hill
8%
FDuvalFreer
8%
FFort BendFulshear
8%
FAransasFulton
8%
GCoryellGatesville
8%
GLive OakGeorge West
8%
GUpshurGilmer
8%
GGreggGladewater
8%
GDallasGlenn Heights
8%
GSomervellGlen Rose
8%
GJohnsonGodley
8%
GHoodGranbury
8%
GHendersonGun Barrel City
8%
HLavacaHallettsville
8%
HSwisherHappy
8%
HBellHarker Heights
8%
HRobertsonHearne
8%
HDentonHebron
8%
HSabineHemphill
8%
HClayHenrietta
8%
HGalvestonHitchcock
8%
IEllisItaly
8%
JHarrisJacinto City
8%
JGalvestonJamaica Beach
8%
JHarrisJersey Village
8%
JAtascosaJourdanton
8%
KKaufmanKemp
8%
KBexarKirby
8%
KSwisherKress
8%
LCameronLa Feria
8%
LGalvestonLa Marque
8%
LLeonLeona
8%
LFanninLeonard
8%
LHockleyLevelland
8%
LSmithLindale
8%
LHardinLumberton
8%
LAtascosaLytle
8%
MSan PatricioMathis
8%
MHallMemphis
8%
MBosqueMeridian
8%
MChambersMont Belvieu
8%
MTravisMustang Ridge
8%
NMorrisNaples
8%
NRuskNew London
8%
NDentonNorthlake
8%
PMatagordaPalacios
8%
PTarrantPantego
8%
POchiltreePerryton
8%
PJeffersonPort Neches
8%
PWilsonPoth
8%
REastlandRanger
8%
REllisRed Oak
8%
RMilamRockdale
8%
SBellSalado
8%
SGuadalupeSelma
8%
SBaylorSeymour
8%
SSuttonSonora
8%
SHarrisSouth Houston
8%
SHaskellStamford
8%
TSan PatricioTaft
8%
TDallamTexline
8%
VJohnsonVenus
8%
WCollinWeston
8%
WSmithWhitehouse
8%
WRunnelsWinters
8%
ACherokeeAlto
6%
AEl PasoAnthony
6%
AArcherArcher City
6%
BDallasBalch Springs
6%
BBexarBalcones Heights
6%
BDentonBartonville
6%
BMcLennanBellmead
6%
BNuecesBishop
6%
BFanninBonham
6%
BStephensBreckenridge
6%
BSmithBullard
6%
CRobertsonCalvert
6%
CBexarCastle Hills
6%
CLeonCenterville
6%
CEastlandCisco
6%
CDonleyClarendon
6%
CBosqueClifton
6%
CEl PasoClint
6%
CCallahanClyde
6%
CCameronCombes
6%
CDeltaCooper
6%
CLa SalleCotulla
6%
CParkerCresson
6%
CDentonCross Roads
6%
CMontgomeryCut and Shoot
6%
DBowieDe Kalb
6%
DFrioDilley
6%
EWichitaElectra
6%
EBastropElgin
6%
EBexarElmendorf
6%
EHidalgoElsa
6%
FWilliamsonFlorence
6%
GComalGarden Ridge
6%
GMillsGoldthwaite
6%
GVan ZandtGrand Saline
6%
GJohnsonGrandview
6%
GSan PatricioGregory
6%
GJeffersonGroves
6%
HHarrisonHallsville
6%
HJonesHamlin
6%
HDeaf SmithHereford
6%
HFanninHoney Grove
6%
HBowieHooks
6%
HEl PasoHorizon City
6%
HGraysonHowe
6%
ISan PatricioIngleside
6%
IWichitaIowa Park
6%
IPecosIraan
6%
IHillItasca
6%
KKarnesKarnes City
6%
KJohnsonKeene
6%
KNavarroKerens
6%
KWinklerKermit
6%
KJasperKirbyville
6%
KDentonKrum
6%
LGreggLakeport
6%
LSan Patricio | TarrantLakeside
6%
LTarrantLake Worth
6%
LDawsonLamesa
6%
LCollinLavon
6%
LCassLinden
6%
MKaufmanMabank
6%
MTravisManor
6%
MFallsMarlin
6%
MHidalgoMercedes
6%
MLimestoneMexia
6%
MRobertsMiami
6%
MMilamMilano
6%
MWoodMineola
6%
MBosqueMorgan
6%
MCochranMorton
6%
NBowieNash
6%
NFort BendNeedville
6%
NWiseNewark
6%
OMorrisOmaha
6%
OPolkOnalaska
6%
OUpshurOre City
6%
ORuskOverton
6%
OEllisOvilla
6%
PEllisPalmer
6%
PHidalgoPalmview
6%
PGrayPampa
6%
PWiseParadise
6%
POrangePinehurst
6%
PJim WellsPremont
6%
QCassQueen City
6%
QWoodQuitman
6%
RWillacyRaymondville
6%
RBrazoriaRichwood
6%
RWebbRio Bravo
6%
RCameronRio Hondo
6%
RMcLennanRobinson
6%
REdwardsRocksprings
6%
RMcLennanRoss
6%
RRockwallRoyse City
6%
SAustinSan Felipe
6%
SDentonSanger
6%
SHarrisSeabrook
6%
SCalhounSeadrift
6%
SAustinSealy
6%
SHardinSilsbee
6%
SParkerSpringtown
6%
SShermanStratford
6%
SHidalgoSullivan City
6%
STravisSunset Valley
6%
SBrazoriaSweeny
6%
TLimestoneThornton
6%
TLive OakThree Rivers
6%
TShelbyTimpson
6%
TDentonTrophy Club
6%
TBellTroy
6%
VJeff DavisValentine
6%
VCulbersonVan Horn
6%
VOrangeVidor
6%
WBowieWake Village
6%
WHarrisonWaskom
6%
WCollingsworthWellington
6%
WTravisWest Lake Hills
6%
WOrangeWest Orange
6%
WGreggWhite Oak
6%
WGraysonWhitesboro
6%
WHillWhitney
6%
WParkerWillow Park
6%
WVan ZandtWills Point
6%
WWoodWinnsboro
6%
WThrockmortonWoodson
6%
WMcLennanWoodway
6%
YWoodYantis
6%
AHaleAbernathy
4%
AEllisAlma
4%
AParkerAnnetta
4%
AJonesAnson
4%
AFort BendArcola
4%
ARefugioAustwell
4%
ARed RiverAvery
4%
ACassAvinger
4%
BBrownBangs
4%
BGalvestonBayou Vista
4%
BRefugioBayside
4%
BCameronBayview
4%
BPanolaBeckville
4%
BClayBellevue
4%
BBurnetBertram
4%
BDimmitBig Wells
4%
BLamarBlossom
4%
BTarrantBlue Mound
4%
BKinneyBrackettville
4%
BJohnsonBriaroaks
4%
BOrangeBridge City
4%
BHendersonBrownsboro
4%
BWichitaBurkburnett
4%
CRealCamp Wood
4%
CDimmitCarrizo Springs
4%
CHuntCeleste
4%
CAtascosaChristine
4%
CTylerColmesneil
4%
CKaufmanCombine
4%
CParkerCool
4%
CCraneCrane
4%
CMcLennanCrawford
4%
DMorrisDaingerfield
4%
DHoodDeCordova
4%
DComancheDe Leon
4%
DHudspethDell City
4%
DYoakumDenver City
4%
DLamarDeport
4%
DDentonDISH
4%
DHidalgoDonna
4%
DCassDouglassville
4%
DNuecesDriscoll
4%
EColoradoEagle Lake
4%
EWhartonEast Bernard
4%
EHidalgoEdcouch
4%
ETarrantEdgecliff Village
4%
EJacksonEdna
4%
ESchleicherEldorado
4%
EAndersonElkhart
4%
ELa SalleEncinal
4%
FBexarFair Oaks Ranch
4%
FFayetteFlatonia
4%
FFloydFloydada
4%
FAndersonFrankston
4%
FNavarroFrost
4%
GPalo PintoGordon
4%
GPalo PintoGraford
4%
GBurnetGranite Shoals
4%
GLimestoneGroesbeck
4%
GGraysonGunter
4%
HDentonHackberry
4%
HHarrisHedwig Village
4%
HHamiltonHico
4%
HArcherHolliday
4%
HBurnetHorseshoe Bay
4%
HCassHughes Springs
4%
HHarrisHunters Creek Village
4%
ILubbockIdalou
4%
IAustinIndustry
4%
IKerrIngram
4%
IBrazoriaIowa Colony
4%
JJackJacksboro
4%
JCollinJosephine
4%
KHardinKountze
4%
KDentonKrugerville
4%
LFanninLadonia
4%
LCameronLaguna Vista
4%
LHidalgoLa Joya
4%
LHallLakeview
4%
LTravisLakeway
4%
LWilsonLa Vernia
4%
LLambLittlefield
4%
LMorrisLone Star
4%
LCameronLos Fresnos
4%
LWillacyLyford
4%
MHendersonMalakoff
4%
MCassMarietta
4%
MLeonMarquez
4%
MCaldwellMartindale
4%
MBowieMaud
4%
MEllisMaypearl
4%
MTaylorMerkel
4%
MMadisonMidway
4%
MNavarroMildred
4%
MEllisMilford
4%
MParkerMillsap
4%
MPalo PintoMingus
4%
MRockwallMobile City
4%
NHarrisNassau Bay
4%
NCollinNevada
4%
NYoungNewcastle
4%
NWalkerNew Waverly
4%
NMontagueNocona
4%
NBellNolanville
4%
NJeffersonNome
4%
OKaufmanOak Grove
4%
OEllisOak Leaf
4%
ODentonOak Point
4%
OCooke | KaufmanOak Ridge
4%
OSan PatricioOdem
4%
OYoungOlney
4%
OJim WellsOrange Grove
4%
OBrazoriaOyster Creek
4%
PHidalgoPalmhurst
4%
PWallerPattison
4%
PEllisPecan Hill
4%
PHalePetersburg
4%
PSabinePineland
4%
PRainsPoint
4%
PCalhounPoint Comfort
4%
PDentonPonder
4%
PGraysonPottsboro
4%
PCameronPrimera
4%
PHidalgoProgreso
4%
RCameronRancho Viejo
4%
RBowieRedwater
4%
RNavarroRice
4%
RJohnsonRio Vista
4%
RTarrantRiver Oaks
4%
RWalkerRiverside
4%
RHaskellRochester
4%
RNolanRoscoe
4%
RKaufmanRosser
4%
RWiseRunaway Bay
4%
SUvaldeSabinal
4%
SDentonShady Shores
4%
SWheelerShamrock
4%
SLubbockSlaton
4%
SBexarSomerset
4%
SMontgomerySplendora
4%
SMartinStanton
4%
SBexarSt. Hedwig
4%
SMontagueSt. Jo
4%
SCollinSt. Paul
4%
SBrazoriaSurfside Beach
4%
TLynnTahoka
4%
TTitusTalco
4%
TKaufmanTalty
4%
TRuskTatum
4%
TFreestoneTeague
4%
TShelbyTenaha
4%
TShermanTexhoma
4%
TGalvestonTiki Island
4%
THoodTolar
4%
THendersonTool
4%
TSmithTroup
4%
TSwisherTulia
4%
TTaylorTuscola
4%
TTaylorTye
4%
UUpshurUnion Grove
4%
WAustinWallis
4%
WColoradoWeimar
4%
WHarrisWest University Place
4%
WBexarWindcrest
4%
WSmithWinona
4%
WLubbockWolfforth
4%
WRefugioWoodsboro
4%
AOldhamAdrian
2%
AHidalgoAlton
2%
AWiseAlvord
2%
AParkerAnnetta North
2%
AParkerAnnetta South
2%
ARed RiverAnnona
2%
AHockleyAnton
2%
ANacogdochesAppleby
2%
ASmithArp
2%
AStonewallAspermont
2%
BCallahanBaird
2%
BReevesBalmorhea
2%
BChambersBeach City
2%
BHaysBear Creek
2%
BFort BendBeasley
2%
BGraysonBells
2%
BDuvalBenavides
2%
BMcLennanBeverly Hills
2%
BJeffersonBevil Oaks
2%
BReaganBig Lake
2%
BBrownBlanket
2%
BCassBloomburg
2%
BCollinBlue Ridge
2%
BHillBlum
2%
BRed RiverBogata
2%
BBrazoriaBonney
2%
BLipscombBooker
2%
BAustinBrazos Country
2%
BTravisBriarcliff
2%
BJasperBrowndell
2%
BMcLennanBruceville-Eddy
2%
BTaylorBuffalo Gap
2%
BHarrisBunker Hill Village
2%
BWashingtonBurton
2%
BClayByers
2%
CMooreCactus
2%
CHillCarl's Corner
2%
CFayetteCarmine
2%
CTylerChester
2%
CWiseChico
2%
CHardemanChillicothe
2%
CNacogdochesChireno
2%
CGreggClarksville City
2%
CHendersonCoffee City
2%
CDentonCopper Canyon
2%
CPolkCorrigan
2%
CCallahanCross Plains
2%
CJohnsonCross Timber
2%
CHopkinsCumby
2%
DTarrantDalworthington Gardens
2%
DBrazoriaDanbury
2%
DLibertyDayton Lakes
2%
DAngelinaDiboll
2%
DCastroDimmitt
2%
DFanninDodd City
2%
DGraysonDorchester
2%
DDentonDouble Oak
2%
EBrownEarly
2%
ELambEarth
2%
EUpshurEast Mountain
2%
ERainsEast Tawakoni
2%
EVan ZandtEdgewood
2%
EHarrisEl Lago
2%
ERainsEmory
2%
EStarrEscobares
2%
ENavarroEureka
2%
EHendersonEustace
2%
ECoryellEvant
2%
FKarnesFalls City
2%
FParmerFarwell
2%
FParmerFriona
2%
FVan ZandtFruitvale
2%
GJacksonGanado
2%
GNacogdochesGarrison
2%
GPanolaGary City
2%
GFallsGolinda
2%
GNavarroGoodlow
2%
GWilliamsonGranger
2%
GHoustonGrapeland
2%
GBexarGrey Forest
2%
GCarsonGroom
2%
GTrinityGroveton
2%
HJonesHawley
2%
HMcLennanHewitt
2%
HDentonHickory Creek
2%
HSmithHideaway
2%
HBrazoriaHillcrest
2%
HBellHolland
2%
HBexarHollywood Park
2%
HHillHubbard
2%
HParkerHudson Oaks
2%
ITaylorImpact
2%
IGrimesIola
2%
JLeonJewett
2%
JShelbyJoaquin
2%
JClayJolly
2%
KLampasasKempner
2%
KFort BendKendleton
2%
KKnoxKnox City
2%
KLimestoneKosse
2%
LMedinaLaCoste
2%
LWiseLake Bridgeport
2%
LSan PatricioLake City
2%
LDentonLakewood Village
2%
LHidalgoLa Villa
2%
LJacksonLa Ward
2%
LRealLeakey
2%
LBowieLeary
2%
LHoodLipan
2%
LBrazoriaLiverpool
2%
LHendersonLog Cabin
2%
LLampasasLometa
2%
LHuntLone Oak
2%
LCollinLowry Crossing
2%
LJonesLueders
2%
MBrazoriaManvel
2%
MMcLennanMcGregor
2%
MTerryMeadow
2%
MFort BendMeadows Place
2%
MRunnelsMiles
2%
MMcLennanMoody
2%
MHaysMountain City
2%
MHillMount Calm
2%
MRuskMount Enterprise
2%
MBaileyMuleshoe
2%
NMedinaNatalia
2%
NGuadalupeNew Berlin
2%
NLubbockNew Deal
2%
NLynnNew Home
2%
NCollinNew Hope
2%
NCherokeeNew Summerfield
2%
NHuntNeylandville
2%
NHaysNiederwald
2%
NDeWittNordheim
2%
OLambOlton
2%
PCottlePaducah
2%
PConchoPaint Rock
2%
PCarsonPanhandle
2%
PDeltaPecan Gap
2%
PTarrantPelican Bay
2%
PHidalgoPeñitas
2%
POrangePine Forest
2%
PWallerPine Island
2%
PYoakumPlains
2%
PFort BendPleak
2%
PTravisPoint Venture
2%
PKaufmanPost Oak Bend City
2%
PNavarroPowell
2%
PHidalgoProgreso Lakes
2%
QBrazoriaQuintana
2%
RBowieRed Lick
2%
RCherokeeReklaw
2%
RMcLennanRiesel
2%
REastlandRising Star
2%
RFisherRoby
2%
RTravisRollingwood
2%
ROrangeRose City
2%
RHardinRose Hill Acres
2%
RFisherRotan
2%
RLamarRoxton
2%
RKarnesRunge
2%
SParkerSanctuary
2%
STarrantSansom Park
2%
SGuadalupeSanta Clara
2%
SCameronSanta Rosa
2%
SArcherScotland
2%
SHarrisonScottsville
2%
SGainesSeagraves
2%
SPolkSeven Oaks
2%
SBexarShavano Park
2%
SSan JacintoShepherd
2%
SFort BendSimonton
2%
SGonzalesSmiley
2%
SBurlesonSnook
2%
SHardinSour Lake
2%
SHansfordSpearman
2%
SFort BendStafford
2%
SWilsonStockdale
2%
SPalo PintoStrawn
2%
SFreestoneStreetman
2%
TLimestoneTehuacana
2%
TBexarTerrell Hills
2%
THopkinsTira
2%
TLamarToco
2%
TReevesToyah
2%
THendersonTrinidad
2%
THallTurkey
2%
UHaysUhland
2%
UBexarUniversal City
2%
VCookeValley View
2%
VOldhamVega
2%
VEl PasoVinton
2%
VTravisVolente
2%
VBexarVon Ormy
2%
WGonzalesWaelder
2%
WGreggWarren City
2%
WMitchellWestbrook
2%
WBrazoriaWest Columbia
2%
WHuntWest Tawakoni
2%
WTarrantWestworth Village
2%
WGraysonWhitewright
2%
WFanninWindom
2%
WTitusWinfield
2%
WBrazosWixon Valley
2%
WHuntWolfe City
2%
WHaysWoodcreek
2%
WNavarroWortham
2%
ADawsonAckerly
0%
ANuecesAgua Dulce
0%
ALibertyAmes
0%
ALambAmherst
0%
ANavarroAngus
0%
AHillAquilla
0%
ADimmitAsherton
0%
BBrazoriaBailey's Prairie
0%
BEllisBardwell
0%
BNavarroBarry
0%
BWardBarstow
0%
BWilliamsonBartlett
0%
BGrimesBedias
0%
BKnoxBenjamin
0%
BHendersonBerryville
0%
BPotterBishop Hills
0%
BNolanBlackwell
0%
BNavarroBlooming Grove
0%
BParmerBovina
0%
BRobertsonBremond
0%
BSan AugustineBroaddus
0%
BCokeBronte
0%
BBrazoriaBrookside Village
0%
BJackBryson
0%
BMilamBuckholts
0%
BLubbockBuffalo Springs
0%
BAngelinaBurke
0%
BHillBynum
0%
CCookeCallisburg
0%
CHendersonCaney City
0%
CEastlandCarbon
0%
CWichitaCashion Community
0%
CHartleyChanning
0%
CArmstrongClaude
0%
CGalvestonClear Lake Shores
0%
CHowardCoahoma
0%
CSan JacintoColdspring
0%
CHopkinsComo
0%
CLimestoneCoolidge
0%
CKaufmanCottonwood
0%
CBurnetCottonwood Shores
0%
CWilliamsonCoupland[b]
0%
CChambersCove
0%
CHillCovington
0%
CJohnsonCoyote Flats[b]
0%
CBosqueCranfills Gap
0%
CTravisCreedmoor
0%
CCrosbyCrosbyton
0%
CFoardCrowell
0%
CCherokeeCuney
0%
CNacogdochesCushing
0%
DLibertyDaisetta
0%
DLipscombDarrouzett
0%
DLibertyDevers
0%
DCollingsworthDodson
0%
DCassDomino
0%
DDentonDraper
0%
EHaleEdmonson
0%
EVan ZandtEdom
0%
EWebbEl Cenizo
0%
EFayetteEllinger[a]
0%
ENavarroEmhouse
0%
EHendersonEnchanted Oaks
0%
EHallEstelline
0%
FFort BendFairchilds
0%
FLipscombFollett
0%
FHowardForsan
0%
FHutchinsonFritch
0%
GCherokeeGallatin
0%
GEllisGarrett
0%
GMcLennanGholson
0%
GEctorGoldsmith
0%
GPolkGoodrich
0%
GKnoxGoree
0%
GEastlandGorman
0%
GWardGrandfalls
0%
GHidalgoGranjeno
0%
GKaufmanGrays Prairie
0%
GHansfordGruver
0%
GComancheGustine
0%
HHaleHale Center
0%
HMcLennanHallsburg
0%
HHuntHawk Cove
0%
HDonleyHedley
0%
HLipscombHiggins
0%
HBurnetHighland Haven
0%
HBexarHill Country Village
0%
HHarrisHilshire Village
0%
HBrazoriaHoliday Lakes
0%
HDonleyHowardwick
0%
HShelbyHuxley
0%
ICameronIndian Lake
0%
ISan PatricioIngleside on the Bay
0%
IBosqueIredell
0%
ITylerIvanhoe
0%
JKentJayton
0%
JBrazoriaJones Creek
0%
KLibertyKenefick
0%
KHoustonKennard
0%
KGuadalupeKingsbury[b]
0%
KFreestoneKirvin
0%
KGraysonKnollwood
0%
KBrazosKurten
0%
LMcLennanLacy-Lakeview
0%
LStarrLa Grulla
0%
LArcherLakeside City
0%
LRandallLake Tanglewood
0%
LHoustonLatexo
0%
LTaylorLawn
0%
LGrayLefors
0%
LMcLennanLeroy
0%
LCookeLindsay
0%
LBellLittle River-Academy
0%
LFloydLockney
0%
LMitchellLoraine
0%
LMcLennanLorena
0%
LCrosbyLorenzo
0%
LCameronLos Indios
0%
LDawsonLos Ybanez
0%
LFallsLott
0%
LHoustonLovelady
0%
MHillMalone
0%
MMotleyMatador
0%
MUptonMcCamey
0%
MRockwallMcLendon-Chisholm
0%
MBurnetMeadowlakes
0%
MArcherMegargel
0%
MMcCullochMelvin
0%
MHillMertens
0%
MIrionMertzon
0%
MTitusMiller's Cove
0%
MWheelerMobeetie
0%
MHendersonMoore Station
0%
MShackelfordMoran
0%
MHarrisMorgan's Point
0%
MBellMorgan's Point Resort
0%
MLavacaMoulton
0%
MCookeMuenster
0%
MMillsMullin
0%
MKnoxMunday
0%
MHendersonMurchison
0%
NCastroNazareth
0%
NSmithNew Chapel Hill
0%
NWiseNew Fairview
0%
NSmithNoonday
0%
NLeonNormangee
0%
NLibertyNorth Cleveland
0%
NColemanNovice
0%
OMontgomeryOak Ridge North
0%
ONavarroOak Valley
0%
OLeonOakwood
0%
OHaskellO'Brien
0%
OLynnO'Donnell
0%
OCoryellOglesby
0%
OChambersOld River-Winfree
0%
OBexarOlmos Park
0%
OHockleyOpdyke West
0%
OFort BendOrchard
0%
PRandallPalisades
0%
PCameronPalm Valley
0%
PMontgomeryPanorama Village
0%
PMontgomeryPatton Village
0%
PHendersonPayne Springs
0%
PHillPenelope
0%
PClayPetrolia
0%
PNuecesPetronila
0%
PHarrisPiney Point Village
0%
PGrimesPlantersville[b]
0%
PWichitaPleasant Valley
0%
PLibertyPlum Grove
0%
PSan JacintoPoint Blank
0%
PHendersonPoynor
0%
PDentonProvidence Village[b]
0%
PCallahanPutnam
0%
PWardPyote
0%
QHuntQuinlan
0%
QBriscoeQuitaque
0%
RCrosbyRalls
0%
RUptonRankin
0%
RLubbockRansom Canyon
0%
RFanninRavenna
0%
RNavarroRetreat
0%
RSan SabaRichland Springs
0%
RCookeRoad Runner[b]
0%
RMotleyRoaring Springs
0%
RCokeRobert Lee
0%
RCampRocky Mound
0%
RBellRogers
0%
RMontgomeryRoman Forest
0%
RHockleyRopesville
0%
RFallsRosebud
0%
RBlancoRound Mountain
0%
RHaskellRule
0%
SGraysonSadler
0%
SBexarSandy Oaks[b]
0%
SBrazoriaSandy Point[b]
0%
SEl PasoSan Elizario[b]
0%
SHutchinsonSanford
0%
STravisSan Leanna
0%
SWillacySan Perlita
0%
SFanninSavoy
0%
SHendersonSeven Points
0%
SLubbockShallowater
0%
SMontgomeryShenandoah
0%
SHarrisShoreacres
0%
SBriscoeSilverton
0%
SCarsonSkellytown
0%
SHockleySmyer
0%
SAustinSouth Frydek[b]
0%
SGraysonSouthmayd
0%
SCoryellSouth Mountain
0%
SHarrisSouthside Place
0%
SKinneySpofford
0%
SComalSpring Branch[b]
0%
SLambSpringlake
0%
SHarrisSpring Valley Village
0%
SDickensSpur
0%
SMontgomeryStagecoach
0%
SGuadalupeStaples
0%
SHendersonStar Harbor
0%
SSterlingSterling City
0%
SHutchinsonStinnett
0%
SHoodStockton Bend
0%
SLambSudan
0%
SHockleySundown
0%
SMooreSunray
0%
SLlanoSunrise Beach Village
0%
SLamarSun Valley
0%
THarrisTaylor Lake Village
0%
TJeffersonTaylor Landing
0%
TFort BendThompsons
0%
TMilamThorndale
0%
TWardThorntonville
0%
TWilliamsonThrall
0%
TRandallTimbercreek Canyon
0%
TGraysonTioga
0%
TGrimesTodd Mission
0%
TGraysonTom Bean
0%
UHarrisonUncertain
0%
UHuntUnion Valley
0%
VBosqueValley Mills
0%
WBosqueWalnut Springs
0%
WTravisWebberville
0%
WHaskellWeinert
0%
WWilliamsonWeir
0%
WTerryWellman
0%
WFort BendWeston Lakes
0%
WTarrantWestover Hills
0%
WCarsonWhite Deer
0%
WCochranWhiteface
0%
WWardWickett
0%
WArcherWindthorst
0%
WMontgomeryWoodbranch
0%
WMontgomeryWoodloch
0%

Score Distribution

Percentile by Number Answered

Percent of People with Each Score

Your Score History

You have not taken this quiz